000
00286nam a2200109 4500
008
160623b xxu||||| |||| 00| 0 eng d
100
_9
736
_a
Brokaw
245
_a
The Greatest Generation
260
_a
N.Y
_b
Random house.Inc.
_c
1998
300
_a
The Greatest Generation
942
_2
ddc
_c
BK
999
_c
593
_d
593